San martin íntimo; el hombre en su lucha /
Guardado en:
| Autor Principal: | |
|---|---|
| Formato: | Libro |
| Publicado: |
Argentina :
Peuser,
1950
|
| Materias: | |
| Etiquetas: |
Agregar Etiqueta
Sin Etiquetas, Sea el primero en etiquetar este registro!
|
| LEADER | 00477nam a22001695a 4500 | ||
|---|---|---|---|
| 001 | CEM.cems003348 | ||
| 005 | 19000101000000.0 | ||
| 008 | 130507s1950##################000#0#####d | ||
| 003 | CEMS | ||
| 082 | 0 | 4 | |a 923 |
| 100 | 1 | |a Ibarguren, Carlos | |
| 245 | 1 | 0 | |a San martin íntimo; el hombre en su lucha / |c Carlos Ibarguren |
| 260 | |a Argentina : |b Peuser, |c 1950 | ||
| 300 | |a 351 p. | ||
| 653 | |a Biografias | ||
| 653 | |a San martin | ||
| 859 | |a CEMS |b BIB. CEMS - 11 de abril |h 923 |i Sa53i |p 9669.81 |t Ej.1 | ||
